Peep inside night-time / (Record no. 49940)
| 000 -LEADER | |
|---|---|
| fixed length control field | 00667nam a2200205 4500 |
| 016 7# - NATIONAL BIBLIOGRAPHIC AGENCY CONTROL NUMBER | |
| Record control number | 016936796 |
| Source | Uk |
| 020 ## - INTERNATIONAL STANDARD BOOK NUMBER | |
| International Standard Book Number | 9781409564010 : |
| Terms of availability | £6.99 |
| 020 ## - INTERNATIONAL STANDARD BOOK NUMBER | |
| International Standard Book Number | 1409564010 : |
| Terms of availability | £6.99 |
| 040 ## - CATALOGING SOURCE | |
| Original cataloging agency | UK-WkNB |
| Language of cataloging | eng |
| Transcribing agency | UK-WkNB |
| Modifying agency | Uk |
| Description conventions | rda |
| 082 04 - DEWEY DECIMAL CLASSIFICATION NUMBER | |
| Classification number | 529 |
| Edition number | 21 |
| 100 1# - MAIN ENTRY--PERSONAL NAME | |
| Personal name | Milbourne, Anna, |
| Relator term | author. |
| 9 (RLIN) | 42904 |
| 245 10 - TITLE STATEMENT | |
| Title | Peep inside night-time / |
| Statement of responsibility, etc | Anna Milbourne; Illustrated by Simona Dimitri. |
| 260 ## - PUBLICATION, DISTRIBUTION, ETC. (IMPRINT) | |
| Date of publication, distribution, etc | 2014. |
| 300 ## - PHYSICAL DESCRIPTION | |
| Extent | 14 unnumbered pages : |
| Other physical details | col.ill., fullthroughout ; |
| Dimensions | 20 x 17 cm |
| 490 ## - SERIES STATEMENT | |
| Series statement | Usborne Peep Inside |
| 500 ## - GENERAL NOTE | |
| General note | Lift-the-flap board book. |
| 700 1# - ADDED ENTRY--PERSONAL NAME | |
| Personal name | Dimitri, Simona. |
| 9 (RLIN) | 87020 |
| 942 ## - ADDED ENTRY ELEMENTS (KOHA) | |
| Source of classification or shelving scheme | |
| Koha item type | Board Book |
| Withdrawn status | Lost status | Source of classification or shelving scheme | Damaged status | Not for loan | Home library | Current library | Date acquired | Total Checkouts | Full call number | Barcode | Checked out | Date last seen | Date checked out | Price effective from | Koha item type |
|---|---|---|---|---|---|---|---|---|---|---|---|---|---|---|---|
| Logos International School | Logos International School | 12/10/2025 | 7 | BB MIL | 100116 | 04/13/2026 | 04/03/2026 | 04/03/2026 | 12/10/2025 | Board Book |